[Event "Copenhagen Open-02 (Politiken Cup-01)"]
[Site "Copenhagen"]
[Date "1980.07.02"]
[Round "9"]
[White "Mikhalchishin, Adrian"]
[Black "Csom, Istvan"]
[Result "1-0"]
[WhiteElo "2490"]
[BlackElo "2510"]
[Annotator "Ftacnik,L"]
[PlyCount "41"]
[EventDate "1980.06.23"]
[EventType "swiss"]
[EventRounds "10"]
[EventCountry "DEN"]
[SourceTitle "EXT 2000"]
[Source "ChessBase"]
[SourceDate "1999.11.16"]
[SourceVersion "1"]
[SourceVersionDate "1999.11.16"]
[SourceQuality "1"]

1. e4 c5 2. Nf3 Nc6 3. d4 cxd4 4. Nxd4 Nf6 5. Nc3 d6 6. Bg5 e6 7. Qd2 a6 8.
O-O-O h6 9. Be3 $1 (9. Bf4 Bd7 10. Nxc6 Bxc6 11. Qe1 Qa5 12. Bxd6 Bxd6 13. Rxd6
Qb4 $1 {[Beliavsky - Csom, Baku 1980]}) 9... Qc7 10. f4 Be7 $6 (10... Na5 11.
Be2 Nc4 12. Bxc4 Qxc4 13. e5 dxe5 14. fxe5 Nd7) 11. Be2 Na5 $2 (11... O-O 12.
g4 $5) 12. e5 $1 dxe5 13. fxe5 Nd5 $2 (13... Qxe5 14. Bf4 Qc5 15. Na4 Qd5 16.
Kb1) (13... Nd7 14. Nf5 $1 exf5 15. Nd5 Qd8 $1 16. e6 $1 Nf6 $1 (16... fxe6 17.
Bh5+ Kf8 18. Nf4 $1) 17. Nb6 Qxd2+ 18. Bxd2 Rb8 19. Nxc8 Rxc8 20. exf7+ Kxf7
21. Bxa5 $16) 14. Nxe6 $1 Bxe6 (14... fxe6 $2 15. Bh5+ Kd8 16. Nxd5 exd5 17.
Qxd5+ Bd7 18. Bb6 $1 $18) 15. Nxd5 Bxd5 16. Qxd5 Rc8 17. c3 O-O 18. Bd3 $1 Rfe8
19. e6 Bf8 (19... Bf6 $142 20. exf7+ Qxf7 21. Bh7+ Kf8 22. Bc5+ Rxc5 23. Qxc5+
Be7 24. Qxa5) 20. exf7+ Qxf7 21. Bh7+ 1-0

[Event "Interzonal-16"]
[Site "Biel"]
[Date "1993.??.??"]
[Round "9"]
[White "Adams, Michael"]
[Black "Salov, Valery"]
[Result "1/2-1/2"]
[WhiteElo "2630"]
[BlackElo "2685"]
[Annotator "Ftacnik,L"]
[PlyCount "63"]
[EventDate "1993.07.16"]
[EventType "swiss"]
[EventRounds "13"]
[EventCountry "SUI"]
[SourceTitle "CBM 037"]
[Source "ChessBase"]
[SourceDate "1993.12.01"]
[SourceVersion "1"]
[SourceVersionDate "1993.12.01"]
[SourceQuality "1"]

1. e4 c5 2. Nf3 Nc6 3. Nc3 d6 4. d4 cxd4 5. Nxd4 Nf6 6. Bg5 e6 7. Qd2 a6 8.
O-O-O h6 9. Be3 Nxd4 10. Bxd4 b5 11. f4 Be7 12. Be2 b4 13. Na4 Nxe4 14. Qe3 Nf6
15. Bf3 Rb8 (15... d5 16. g4 (16. Kb1 O-O (16... Bd7 17. Nb6 Rb8 18. g4 Bb5 19.
h4 Kf8 20. g5 Ne8 21. f5 e5 22. Qxe5 Rxb6 23. Bxb6 Qxb6 24. Bxd5 $16 {Chandler,
M-Kosten,A/Hastings/1988/}) 17. Nb6 Rb8 18. g4 Bd6 $6 19. g5 hxg5 20. fxg5 Nd7
21. Nxc8 Rxc8 22. g6 $16 {Short,N-Rodriguez,Am/Subotica izt/1987/}) 16... O-O
17. h4 e5 18. fxe5 Nxg4 19. Qe2 h5 20. Nb6 Be6 21. Qg2 Ra7 22. Nxd5 Rd7 23. Bb6
Qc8 24. Nf4 $13 {Beliavsky,A-Tukmakov,V/Wijk aan Zee/1984/}) 16. Ba7 (16. Kb1
$6 Bb7 17. g4 Bxf3 18. Qxf3 Qd7 19. Nc5 $1 $8 dxc5 20. Bxf6 Qb7 21. Qxb7 Rxb7
22. Bxg7 Rg8 23. Bxh6 Rxg4 24. Rdg1 $1 $10 {Beliavsky,A-Salov,V/Barcelona/1989/
}) 16... Bd7 (16... Rb5 17. Bb6 Qd7 18. Nc5 $18 {Balashov,Y-Tukmakov,V/
Sverdlovsk/1987/}) 17. Nb6 Bb5 18. Kb1 (18. g4 O-O 19. Bxb8 Qxb8 20. g5 hxg5
21. fxg5 Bd8 $1 22. gxf6 Qxb6 23. Qxb6 $13 {Khalifman,A-Ionov,S/USSR/1988/})
18... O-O 19. f5 Qc7 20. Bxb8 Rxb8 (20... Qxb8 $2 21. fxe6 $16) 21. Na8 Qd8 22.
Qa7 d5 23. Nc7 Bc6 24. fxe6 (24. Nxa6 Ra8 25. Qe3 Rxa6 $17) 24... Rb7 25. Nxd5
Rxa7 (25... Nxd5 26. exf7+ Kxf7 27. Qxa6 Rc7 28. Qc4 $18) (25... Bxd5 $2 26.
Qxb7 Bxb7 27. Rxd8+ Bxd8 28. exf7+ Kxf7 29. Bxb7 $18) 26. Nxf6+ Bxf6 27. Rxd8+
Bxd8 28. exf7+ Rxf7 29. Bxc6 Rf2 30. Rd1 Be7 (30... Bf6 31. a3 bxa3 32. bxa3 a5
33. h3 Rf5 34. Ka2 $14 {Adams,M-Serper,G/Manila ol/1992/}) 31. Bf3 a5 32. Rd3 (
32. Rd3 Rf1+ 33. Rd1 Rxd1+ 34. Bxd1 Kf7 $10) 1/2-1/2

[Event "YUG-chT"]
[Site "Tivat"]
[Date "1995.??.??"]
[Round "3"]
[White "Ivanovic, Bozidar"]
[Black "Nevednichy, Vladislav"]
[Result "0-1"]
[WhiteElo "2495"]
[BlackElo "2480"]
[Annotator "Gagarin,V"]
[PlyCount "49"]
[EventDate "1995.??.??"]
[EventType "team-swiss"]
[EventRounds "11"]
[EventCountry "YUG"]
[SourceTitle "CBM 048 Extra"]
[Source "ChessBase"]
[SourceDate "1995.11.01"]
[SourceVersion "1"]
[SourceVersionDate "1995.11.01"]
[SourceQuality "1"]

1. e4 c5 2. Nf3 d6 3. d4 cxd4 4. Nxd4 Nf6 5. Nc3 Nc6 6. Bg5 e6 7. Qd2 a6 8.
O-O-O h6 9. Be3 Qc7 10. Be2 $146 (10. f4) (10. f3) 10... Bd7 11. Rhe1 (11. f4
Be7 12. Bf3 O-O 13. Nb3 Na5 14. Nxa5 Qxa5 15. Kb1 $13) 11... Na5 12. f4 b5 13.
e5 (13. Qd3 $5 Nc4 14. Bf2 d5 15. exd5 $5 (15. e5 $6 b4 16. Nb1 Ne4 $36) 15...
Qxf4+ 16. Kb1 Qxf2 17. dxe6 $40) 13... b4 $6 (13... dxe5 $5 14. fxe5 (14. Ndxb5
$2 axb5 15. Nxb5 $2 Nb3+ $1 $19) 14... Qxe5 15. Bf4 Qc5 16. Bf3 Nc4 $1 (16...
Rc8 $6 17. Ne4 Nxe4 18. Qxa5 $36) 17. Qd3 Rc8 18. Nb3 Qa7 $17) 14. Ncb5 $1 axb5
15. exf6 $16 Nc4 16. Bxc4 Qxc4 (16... bxc4 17. Qxb4 gxf6 (17... Rb8 18. fxg7
Bxg7 19. Qc3 O-O 20. g4 $16) (17... Rxa2 $6 18. Nb5 Ra1+ 19. Kd2 Rxd1+ 20. Rxd1
Bxb5 21. Qxb5+ Qd7 (21... Kd8 $2 22. Ra1 $18) 22. Qxc4 gxf6 23. Ra1 $16) 18.
Nb5 Qb8 19. Nxd6+ Bxd6 20. Qxd6 Qxd6 21. Rxd6 Rxa2 22. Kb1 Ra8 23. Red1 (23. f5
$5 $36) 23... Bb5 24. Bd4 Ke7 25. Bc5 Ke8 26. Rb6 $16) 17. Nf5 $1 exf5 (17...
Qxa2 $2 18. Nxd6+ $18) 18. b3 (18. Bd4+ Be6 19. fxg7 Bxg7 20. Bxg7 Rg8 21. b3 (
21. Qxd6 $2 Rxg7 22. Rd5 Rxg2 $1 23. Rxe6+ fxe6 24. Qxe6+ Kf8 25. Qxh6+ $1 $10
(25. Rxf5+ $2 Kg7 26. Rf7+ Kg8 $19)) 21... Qc6 {-18.b3/}) 18... Qc6 19. Bd4+
Be6 20. fxg7 Bxg7 21. Bxg7 Rg8 22. Qxb4 $4 (22. Qd4 $1 Qxg2 (22... Rxa2 23. Re2
Kd7 24. Be5 $16) 23. Qxd6 $1 Qxg7 (23... Rxg7 24. Rd5 $3 {/\ Re6/} Qg1 $8 25.
Qc6+ Ke7 26. Rd7+ Kf8 27. Rxg1 Rxg1+ 28. Kb2 $18) 24. Rxe6+ $1 fxe6 25. Qc6+
Kf7 26. Rd7+ Kf6 27. Rxg7 Kxg7 28. Qxe6 $16) 22... Rxg7 $17 23. Rxd6 Qc7 24.
Qd4 (24. Qxb5+ Ke7 $17) 24... Kf8 25. Re2 (25. Re2 Rc8 $1 $17 {/\ Kg8/} (25...
Rxa2 $2 26. Rd8+ Ke7 27. Rh8 $1 Rg6 28. Qb4+ Kd7 29. Qxb5+ Ke7 30. Qb4+ Kf6 31.
Qd4+ Ke7 32. Qb4+ $10)) 0-1

[Event "Elista FIDE GP"]
[Site "Elista"]
[Date "2008.12.23"]
[Round "9"]
[White "Gashimov, Vugar"]
[Black "Mamedyarov, Shakhriyar"]
[Result "1-0"]
[WhiteElo "2703"]
[BlackElo "2731"]
[Annotator "Gashimov,V"]
[PlyCount "63"]
[EventDate "2008.12.14"]
[EventType "tourn"]
[EventRounds "13"]
[EventCountry "RUS"]
[EventCategory "19"]
[SourceTitle "CBM 128"]
[Source "ChessBase"]
[SourceDate "2009.01.28"]
[SourceVersion "1"]
[SourceVersionDate "2009.01.28"]
[SourceQuality "1"]

{I needed to win this game, in order to return to the leaders, and so my mood
at the start was a very fighting one.} 1. e4 c5 2. Nf3 Nc6 3. d4 cxd4 4. Nxd4
Nf6 5. Nc3 d6 6. Bg5 e6 7. Qd2 Be7 8. O-O-O a6 9. f4 Nxd4 10. Qxd4 b5 11. Bxf6
gxf6 {Thus far we have repeated the recent game Akopian-Mamedyarov, where 12.
e5 was played. Maybe e5 is objectively the strongest move in the position, but
in choosing this whole variation, Black is also counting on this move, and can
expect to obtains definite counterplay. Therefore I consider my move to be
more logical, just securing a small, but lasting advantage.} 12. Bd3 Qc7 13.
Qe3 Bd7 (13... Qc5 {As played by Kramnik against Kasparov.} 14. Qg3 b4 15. Ne2
a5 16. Kb1 Kf8 17. Qh3 h5 18. Rc1 d5 19. exd5 Qxd5 20. f5 $14 {[%emt 0:33:16]
Kasparov G- Kramnik V Amsterdam}) 14. Kb1 Qc5 $146 15. Qg3 O-O-O {Maybe he
should leave the king in the centre and try to counterplay on the queenside.}
16. Ne2 Kb8 17. f5 {White already begins pressurizing the weak black pawns, a
typical plan in such positions.} Rdg8 (17... Qe5 18. Qf2 Qc5 19. Qf3) 18. Qf3
h5 {Or else Nf4 and g4.} 19. Nf4 h4 20. Rhe1 {Since Black has no counterplay,
I do not hurry to undrtake decisive actions.} Bd8 (20... Qe5 21. c4 $5 {
Opening play on the queenside.}) 21. c3 $1 {Preparing to transfer the bishop,
and also opening the d-file for the rooks.} Bc7 22. Bc2 Qe5 23. g3 (23. Re2 $1
{was more accurate} d5 24. Nd3 Qxh2 25. exd5 $16) 23... Qc5 $2 (23... Bc6 $1 {
would allow Black to continue to defend.}) 24. g4 {Now all of Black's
weaknesses cannot be defended.} Bc8 {Getting the bishop out from under the
eyes of the enemy rook.} 25. h3 Qe5 26. Nh5 $1 (26. Nd3 Qg3 27. Qf1 exf5 28.
exf5 Bb7 {The Black queen does not get trapped, and he obtains definite
counterplay, thanks to the queen's activity.}) 26... Bb6 27. Qf1 (27. fxe6 fxe6
28. Qxf6 $4 Rxh5 $19) 27... Re8 28. Nf4 Rhg8 29. Re2 (29. Nd3 Qg3 {and once
again, the black queen remains alive.}) 29... Bc7 30. Nd3 {Finally!} Qg3 31.
Nf4 {Now the black queen is caught in the box.} Bb6 32. Rde1 1-0

[Event "Interzonal-15"]
[Site "Manila"]
[Date "1990.??.??"]
[Round "11"]
[White "Georgiev, Kiril"]
[Black "Gulko, Boris F"]
[Result "1-0"]
[WhiteElo "2580"]
[BlackElo "2600"]
[Annotator "Georgiev,Ki"]
[PlyCount "123"]
[EventDate "1990.06.29"]
[EventType "swiss"]
[EventRounds "13"]
[EventCountry "PHI"]
[SourceTitle "CBM 019"]
[Source "ChessBase"]
[SourceDate "1990.12.01"]
[SourceVersion "1"]
[SourceVersionDate "1990.12.01"]
[SourceQuality "1"]

1. e4 c5 2. Nf3 Nc6 3. d4 cxd4 4. Nxd4 Nf6 5. Nc3 d6 6. Bg5 e6 7. Qd2 a6 8.
O-O-O h6 9. Be3 Nxd4 10. Bxd4 b5 11. f3 Qa5 12. Bxf6 gxf6 13. Kb1 b4 14. Ne2
Qc5 15. Qd4 $1 (15. Nf4) 15... Qxd4 16. Nxd4 Bb7 17. Bc4 $14 {/\ f4-f5} h5 $6 (
17... Rc8) 18. Rhe1 Rc8 (18... Bh6 $5 19. g3 h4) 19. Bf1 $1 {/\ Nb3-a5 ><a6,
Bb7} (19. Bb3 Bh6 20. g3 h4 21. f4 $14) 19... h4 20. Nb3 Rh5 21. f4 $1 {
/\ Be2-f3+/-} Ra8 22. f5 a5 23. Bc4 Ke7 24. Nd4 Bc8 25. Rd3 $1 $16 Bd7 26. a4
$1 {/\ Bb5} Rg5 (26... Bxa4 27. fxe6 fxe6 28. Bxe6 $16) (26... Bh6 {/\ Bf4-e5}
27. g3 hxg3 28. hxg3 $16) 27. Re2 Rg4 28. Bb5 Rc8 $6 (28... Rf4) 29. Nb3 Ra8
30. c4 bxc3 31. Rxc3 Kd8 32. Nd4 Rc8 $6 (32... e5 33. Nc6+ Bxc6 34. Rxc6 $1 {
/\ Rec2, Rc7+-}) 33. fxe6 fxe6 34. Bxd7 $18 Rxc3 35. Bxe6 Rd3 36. Nc6+ (36. Nf5
$5 {/\ 37. Rc2, 37. Kc2+-} Rd1+ 37. Ka2 Rc1 38. Nxd6 $18) 36... Kc7 37. Kc2 $1
Kxc6 38. Kxd3 Rg5 39. Rc2+ Rc5 40. Bd5+ Kd7 41. Rf2 Bg7 42. b3 f5 43. Rxf5 Be5
44. Rh5 Bxh2 45. Rxh4 Be5 46. Rh7+ Kd8 47. Bc4 Rc7 48. Rh4 Rg7 49. g4 Bf6 50.
Rh8+ Kd7 51. Ra8 Rxg4 52. Rxa5 Rg3+ 53. Ke2 Bd4 54. Bd5 Re3+ 55. Kd2 Rh3 (55...
Bc3+ 56. Kxe3 Bxa5 57. Kd3 {/\ Kc4, b4, a5, Kb3-a4}) 56. Rb5 Ke7 57. a5 Kf6 58.
b4 Ra3 59. Rb7 Ba1 60. Rc7 Ke5 61. b5 Rxa5 62. b6 1-0

[Event "Pardubice"]
[Site "Pardubice"]
[Date "1994.??.??"]
[Round "9"]
[White "Georgiev, Kiril"]
[Black "Greenfeld, Alon"]
[Result "1-0"]
[WhiteElo "2615"]
[BlackElo "2600"]
[Annotator "Georgiev,Ki"]
[PlyCount "95"]
[EventDate "1994.07.??"]
[EventType "tourn"]
[EventRounds "9"]
[EventCountry "CZE"]
[EventCategory "15"]
[SourceTitle "CBM 042"]
[Source "ChessBase"]
[SourceDate "1994.10.01"]
[SourceVersion "1"]
[SourceVersionDate "1994.10.01"]
[SourceQuality "1"]

1. e4 {Ernst Schlosser,P} c5 2. Nf3 d6 3. d4 cxd4 4. Nxd4 Nf6 5. Nc3 Nc6 6. Bg5
e6 7. Qd2 a6 8. O-O-O h6 9. Be3 Be7 10. f3 Nxd4 (10... Qc7 $1 {Ernst} 11. g4
Bd7 12. h4 Ne5 13. Be2 {Lanka-Panchenko/Gausdal/1991/} (13. Rg1 Nc4 14. Bxc4
Qxc4 15. g5 $16 {Stein-Bertok/Zagreb/1972/}) 13... b5 14. g5 Nh5 15. gxh6 g6
$44) 11. Qxd4 (11. Bxd4 {Schlosser,P} b5 12. Qf2 Bd7 13. Bd3 b4 14. Ne2 e5 15.
Be3 a5 16. Kb1 O-O 17. g4 Be6 18. h4 Nd7 19. g5 h5 $13 {Hort-Chiburdanidze,M/
Monaco Veterans-Women (12)/1994/}) 11... b5 (11... Bd7 $6 {Schlosser,P Shirov,
A-Greenfeld,A/Pardubice (03)/1994/}) (11... e5 {Schlosser,P De la Villa Garcia,
J-Ubilava,E/Leon (05)/1994/}) 12. g4 Qa5 13. Kb1 (13. a3 $5 {Schlosser,P} Rb8
$13) 13... Bb7 (13... b4 $5 14. Ne2 e5 15. Qd3 (15. Qd2 Be6 16. Nc1 d5 $1 $15)
(15. Qb6 Qxb6 16. Bxb6 Be6 $10) 15... Be6 16. c4 Rc8 $1 (16... bxc3 17. Nxc3
O-O 18. h4 (18. g5 $6 hxg5 19. Bxg5 Nxe4 $1 $17) 18... d5 19. exd5 Rfd8 20.
dxe6 Rxd3 21. exf7+ Kxf7 22. Bxd3 $44 {/\g5}) 17. b3 Qc7 18. Ng3 g6 19. h4 h5
20. g5 Nd7 21. Nf5 $3 $16) 14. a3 Rc8 15. h4 d5 16. exd5 Bxd5 $2 (16... Bc5 $1
17. Qd3 Bxe3 18. Qxe3 Rxc3 $1 19. Qxc3 Qxc3 20. bxc3 Nxd5 $44) 17. Nxd5 Nxd5
18. Bd2 Qc7 (18... Qb6 $142 {Schlosser,P}) 19. Bd3 Bf6 20. Qe4 Qe5 21. c3 g6
22. f4 Qxe4 23. Bxe4 Ne7 24. h5 (24. Bb7 $6 {Schlosser,P} Rb8 25. Bxa6 $4 Rb6
$19) 24... g5 25. fxg5 Bxg5 26. Bxg5 hxg5 27. Rd6 O-O (27... a5 28. Rb6 Rc5 29.
Rb8+ Nc8 30. Rxb5 $1 Rxb5 31. Bc6+ Ke7 32. Bxb5 $16) 28. Rxa6 $16 Rc4 29. Re1
Rd8 30. Ra5 Rb8 31. Ra7 Nc8 32. Rd7 Nb6 33. Rd6 Kg7 34. Re2 Na4 {/\Rc3} 35. Re3
Rbc8 36. Bf3 Rf4 37. Be2 Rc5 38. Kc2 Rf2 39. Ra6 Rd5 40. b4 $1 Nb2 41. Kxb2
Rd2+ 42. Kb3 Rdxe2 43. Rxe2 Rxe2 44. a4 $1 (44. Ra5) 44... bxa4+ 45. Rxa4 f5
46. b5 f4 47. b6 Re1 48. Ka2 $1 (48. Ka2 {Schlosser,P} f3 49. b7 f2 50. b8=Q
f1=Q 51. Ra7+ $18) 1-0

[Event "Julian Borowski-B 2nd"]
[Site "Essen"]
[Date "2000.05.01"]
[Round "5"]
[White "Van der Weide, Karel"]
[Black "Mainka, Romuald"]
[Result "1-0"]
[WhiteElo "2452"]
[BlackElo "2478"]
[Annotator "Gershon,A"]
[PlyCount "69"]
[EventDate "2000.04.27"]
[EventType "tourn"]
[EventRounds "9"]
[EventCountry "GER"]
[EventCategory "10"]
[SourceTitle "CBM 077"]
[Source "ChessBase"]
[SourceDate "2000.07.27"]
[SourceVersion "1"]
[SourceVersionDate "2000.07.27"]
[SourceQuality "1"]

1. e4 c5 2. Nf3 d6 3. d4 cxd4 4. Nxd4 Nf6 5. Nc3 Nc6 6. Bg5 e6 7. Qd2 a6 8.
O-O-O h6 9. Be3 Be7 10. f4 Bd7 11. Bd3 b5 12. Kb1 b4 (12... Rc8 13. h3 Nxd4 14.
Bxd4 Bc6 15. Qe3 b4 16. Ne2 O-O 17. g4 Nd7 18. Qg3 Bh4 19. Qg2 Qa5 20. Ng3 Nc5
21. Nh5 e5 22. Be3 Na4 23. g5 $40 {1-0 Shmuter,L-Grabics,M/Budapest 1992/CBM
30 ext (38)}) (12... Qa5 13. h3 Nxd4 14. Bxd4 b4 15. Ne2 e5 16. Be3 Be6 17. Nc1
O-O 18. f5 Bc8 19. g4 d5 20. Bxh6 Nxe4 (20... gxh6 21. Qxh6 dxe4 22. g5 $18)
21. Bxe4 dxe4 22. Be3 Qc7 23. Qf2 f6 24. h4 $16 {1-0 Cherevatenko,R-Sluka,R/
Prague 1995/EXT 98 (47)}) (12... Qc7 13. Rhf1 (13. h3 Nxd4 14. Bxd4 e5 15. Be3
exf4 16. Bxf4 Be6 17. Nd5 Bxd5 18. exd5 O-O 19. Rhf1 Nd7 20. c3 Ne5 21. Bc2 Bf6
22. Bh2 $16 {1-0 Votava,J-Manik,M/Pardubice 1999/EXT 2000 (34)}) (13. Qe1 Rc8
14. Qg3 O-O 15. e5 dxe5 16. Nxc6 Bxc6 17. fxe5 Nh5 18. Qg4 Qxe5 19. Bxh6 Rfd8
20. Ne2 Bf6 21. Bc1 g6 22. Rhe1 $13 {1/2-1/2 Kudrin,S-Serper,G/North Bay 1997/
EXT 98 (22)}) 13... Ng4 14. Bg1 Nxd4 15. Bxd4 b4 16. Ne2 e5 17. Bg1 a5 18. h3
Nf6 19. g4 Rb8 20. Bh2 Qc5 21. Ng3 exf4 22. Qxf4 O-O 23. Nf5 Bxf5 24. Qxf5 (24.
gxf5 $5) 24... Qxf5 25. Rxf5 $16 {1-0 Garcia,G-Atalik,S/Elista 1998/CBM 66 ext
(55)}) 13. Nce2 Qc7 (13... O-O 14. h3 Qc7 15. g4 Qb7 16. Ng3 Nxd4 17. Bxd4 Bc6
18. Rhe1 Rfe8 19. g5 hxg5 20. fxg5 Nd7 21. Bxg7 $1 Kxg7 22. Nh5+ Kg6 23. e5+ $1
Kxh5 24. Qf4 Bxg5 25. Qxf7+ Kh4 26. Qh7+ $18 {1-0 Short,N-Ljubojevic,L/
Amsterdam 1988/CBM 06 (32)}) 14. Ng3 {A new idea. Usually white tries to
advance g2-g4 first.} (14. h3 Nxd4 15. Bxd4 e5 (15... Bc6 16. Ng3 Qb7 17. Qe2
g6 18. Rhf1 O-O 19. h4 Qb8 20. e5 Nd5 21. Ka1 Bb5 22. h5 dxe5 23. Bxe5 Qe8 24.
hxg6 fxg6 25. Rh1 $18 {1-0 Sax,G-Baklan,V/Germany 1998/GER-chT (29)}) 16. Be3
Qb7 17. Ng3 Bc6 18. Rhe1 Rd8 19. Nf5 Bf8 20. Bf2 Nxe4 21. Bxe4 Bxe4 22. Ng3 Bg6
23. f5 Bh7 24. Rxe5+ $16 {[%csl Gh7] 1/2-1/2 Holmsten,A-Veingold,A/Tammisaari
1997/EXT 99 (65)}) 14... h5 $2 {I don't see the point of this move, especially
after white has played Ng3 and has no intentions of playing g4. Later this
pawn will be a serious weakness.} (14... Nxd4 15. Bxd4 e5 16. Be3 $5 (16. fxe5
dxe5 17. Bg1 Be6 $36) 16... Ng4 (16... exf4 17. Bxf4 Qa5 {[%cal Gd7e6]} 18. Nf5
Bxf5 19. exf5 $36) 17. Nf5 Nxe3 18. Qxe3 Bxf5 19. exf5 O-O 20. fxe5 dxe5 21. g4
Bh4 22. f6 Bxf6 23. h4 Be7 24. g5 $40) (14... a5 $5) 15. h4 Ng4 16. Nxc6 Bxc6
17. f5 Bf6 (17... e5 18. Be2 {[%csl Rh5]} Nxe3 (18... Rc8 19. Bxa6 Ra8 20. Be2
Qa5 21. Bc4 b3 22. Qxa5 (22. Bxb3 Qxd2 23. Bxd2 Nf2 24. Rde1 Nxh1 25. Rxh1 $13)
22... bxc2+ 23. Kxc2 Nxe3+ 24. Kd3 Rxa5 25. Kxe3 $16) 19. Qxe3 g6 20. fxg6 fxg6
21. Qb3 $16) 18. fxe6 fxe6 19. Bf4 Rd8 20. Bc4 (20. Bxa6 $5 {Grabs a pawn, but
gives black some counterplay.} Qa5 (20... Ne5) 21. Bc4 d5 22. exd5 Bxd5 23. Qe2
$16) 20... Ke7 21. Rhf1 Be8 $6 (21... a5 22. Qe2 $13) 22. Bxe6 $1 Kxe6 23. Qd5+
Ke7 (23... Kd7 24. Bxd6 Qxc2+ $8 25. Kxc2 Ne3+ 26. Kb1 Nxd5 27. Bxb4 Kc6 28.
exd5+ $16) 24. Nf5+ Kf8 25. Bxd6+ (25. Nd4 Bf7 26. Ne6+ Bxe6 27. Qxe6 Qf7 28.
Bxd6+ Kg8 $17) 25... Rxd6 26. Qxd6+ (26. Nxd6 Ne3 $19) 26... Qxd6 27. Rxd6 Bb5
28. Rfd1 Kg8 $6 (28... Nf2 $142 29. Re1 Ng4 $13) 29. R1d5 Bf1 30. Ng3 Be7 $2
$138 (30... Bxg2 31. Rxa6 $16 {[%csl Rh5]}) 31. Nxf1 Bxd6 32. Rxd6 Kh7 33. Rxa6
Rd8 34. Kc1 $18 Ne3 35. Nxe3 1-0